Представление документа в формате MARC21

Поле Инд. ПП Название Значение
Тип записи a
Библиографический уровень b
001 Контрольный номер RU/IS/BASE/287504672
005 Дата корректировки 20200522191306.4
008 Кодируемые данные 20090209
040 b Код языка каталог. rus
e Правила каталог. PSBO
041 0_ a Код языка текста rus
084 a Индекс другой классификации/Индекс ББК 65.291.32
100 1_ a Автор Николаев А.
245 10 a Заглавие Детерминация базовой функции системы маркетинга промышленного предприятия
504 a Библиография Лит. в конце статьи
650 a Основная рубрика маркетинг
a Основная рубрика экономика
a Основная рубрика экономика предприятия
653 1_ a Ключевые слова внешняя среда
a Ключевые слова менеджмент
a Ключевые слова принятие управленческих решений
a Ключевые слова производитель
a Ключевые слова промышленные предприятия
a Ключевые слова стратегический менеджмент
a Ключевые слова управление предприятием
a Ключевые слова ценообразование
773 0_ t Заглавие источника РИСК: ресурсы, информация, снабжение, конкуренция
d Дата издания источника 2008
g Прочая информация № 4. - С. 23 - 27 : схем.
w Контрольный № источника RU/IS/BASE/286471778
901 t Тип документа b